Sor Natana / (Record no. 123720)
[ view plain ]
| 000 -LEADER | |
|---|---|
| campo de control de longitud fija | 00724nam a2200205 i 4500 |
| 001 - NÚMERO DE CONTROL | |
| campo de control | 123720 |
| 003 - IDENTIFICADOR DE NÚMERO DE CONTROL | |
| campo de control | ES-MaACL |
| 005 - FECHA Y HORA DE LA ÚLTIMA TRANSACCIÓN | |
| campo de control | 20250910213557.0 |
| 007 - CAMPO FIJO DE DESCRIPCIÓN FÍSICA--INFORMACIÓN GENERAL | |
| campo de control de longitud fija | t| |
| 008 - DATOS DE LONGITUD FIJA--INFORMACIÓN GENERAL | |
| campo de control de longitud fija | 070214s1956 sp |||| | cat d |
| 100 0# - ENTRADA PRINCIPAL--NOMBRE DE PERSONA | |
| Nombre de persona | Ramón Llull, |
| Títulos y otros términos asociados al nombre | Beato, |
| Fechas asociadas al nombre | ca. 1232-1316? |
| 9 (RLIN) | 95219 |
| 245 10 - MENCIÓN DEL TÍTULO | |
| Título | Sor Natana / |
| Mención de responsabilidad, etc. | Ramón Llull ; versión moderna per Enric Bagué. |
| 260 ## - PUBLICACIÓN, DISTRIBUCIÓN, ETC. | |
| Lugar de publicación, distribución, etc. | Barcelona : |
| Nombre del editor, distribuidor, etc. | Barcino, |
| Fecha de publicación, distribución, etc. | 1956. |
| 300 ## - DESCRIPCIÓN FÍSICA | |
| Extensión | 63 p. ; |
| Dimensiones | 16 cm. |
| 490 1# - MENCIÓN DE SERIE | |
| Mención de serie | Col. Popular Barcino CLIV. Els Clássicos Catalans Modernitzats ; |
| Designación de volumen o secuencia | 6 |
| 700 1# - ENTRADA AGREGADA--NOMBRE PERSONAL | |
| Nombre de persona | Bagué, Enric, |
| Fechas asociadas al nombre | 1900-1987 |
| 9 (RLIN) | 161547 |
| 830 0# - PUNTO DE ACCESO ADICIONAL DE SERIE-TÍTULO UNIFORME | |
| Título uniforme | Col. Popular Barcino CLIV. Els Clássicos Catalans Modernitzats ; |
| Designación de volumen o secuencia | 6 |
| 9 (RLIN) | 218961 |
| 852 ## - LOCALIZACIÓN | |
| Ubicación | ES-MaACL |
| Número de control de estantería | 1983-F-5 |
| Estatus retirado | Estado de pérdida | Estado de daño | No para préstamo | Colección | Biblioteca de origen | Biblioteca actual | Ubicación en estantería | Fecha de adquisición | Fuente de adquisición | Total de préstamos | Signatura topográfica completa | Código de barras | Visto por última vez | Precio de reemplazo | Tipo de ítem Koha |
|---|---|---|---|---|---|---|---|---|---|---|---|---|---|---|---|
| Colección de folletos | Biblioteca del Ateneo de Madrid | Biblioteca del Ateneo de Madrid | Depósito folletos | 17/01/2008 | 1983-F-5 | 1128901 | 23/02/2023 | 23/02/2023 | Folleto |
